Header

Del mito a la realidad : (Registro nro. 36204)

Detalles MARC
000 -LEADER
campo de control de longitud fija 00875nam a2200313 a 4500
001 - NÚMERO DE CONTROL
campo de control 36204
003 - IDENTIFICADOR DE NÚMERO DE CONTROL
campo de control AR-BaAGN
005 - FECHA Y HORA DE LA ÚLTIMA TRANSACCIÓN
campo de control 20240713062541.0
007 - CAMPO FIJO DE DESCRIPCIÓN FÍSICA--INFORMACIÓN GENERAL
campo de control de longitud fija ta
008 - DATOS DE LONGITUD FIJA--INFORMACIÓN GENERAL
campo de control de longitud fija 220625s1991 ag |||||r|||| ||||||spa d
020 ## - NÚMERO INTERNACIONAL ESTÁNDAR DEL LIBRO
Número Internacional Estándar del Libro 950-99864-0-2
040 ## - FUENTE DE CATALOGACIÓN
Centro/agencia modificador AR-BaAGN
Centro catalogador/agencia de origen AR-BaAGN
Normas de descripción aacr
Lengua de catalogación español
942 ## - ELEMENTOS DE ENTRADA SECUNDARIOS (KOHA)
Tipo de ítem Koha Libro
Suprimir en OPAC No
245 00 - MENCIÓN DEL TÍTULO
Título Del mito a la realidad :
Resto del título evolución iconográfica del pueblo tehuelche meridional
250 ## - MENCION DE EDICION
Mención de edición 1ª ed.
260 ## - PUBLICACIÓN, DISTRIBUCIÓN, ETC.
Lugar de publicación, distribución, etc. Viedma :
Nombre del editor, distribuidor, etc. Fundación Ameghino,
Fecha de publicación, distribución, etc. c1991.
300 ## - DESCRIPCIÓN FÍSICA
Extensión 290 páginas :
Otras características físicas il. byn, lám. byn
336 ## - TIPO DE CONTENIDO
Fuente rdacontent
Código de tipo de contenido texto
337 ## - TIPO DE MEDIO
Fuente rdamedia
Código del tipo de medio no mediado
338 ## - TIPO DE SOPORTE
Fuente rdacarrier
Código del tipo de soporte volumen
650 #4 - PUNTO DE ACCESO ADICIONAL DE MATERIA--TÉRMINO DE MATERIA
Término de materia o nombre geográfico como elemento de entrada GENEALOGÍA
ID autoridades 1370
650 #4 - PUNTO DE ACCESO ADICIONAL DE MATERIA--TÉRMINO DE MATERIA
Término de materia o nombre geográfico como elemento de entrada ICONOGRAFIA
ID autoridades 1307
650 #4 - PUNTO DE ACCESO ADICIONAL DE MATERIA--TÉRMINO DE MATERIA
Término de materia o nombre geográfico como elemento de entrada PUEBLOS ORIGINARIOS
ID autoridades 2209
650 #4 - PUNTO DE ACCESO ADICIONAL DE MATERIA--TÉRMINO DE MATERIA
Término de materia o nombre geográfico como elemento de entrada TEHUELCHES
ID autoridades 2659
650 #4 - PUNTO DE ACCESO ADICIONAL DE MATERIA--TÉRMINO DE MATERIA
Término de materia o nombre geográfico como elemento de entrada TOPONIMIA
ID autoridades 2001
651 #4 - PUNTO DE ACCESO ADICIONAL DE MATERIA--NOMBRE GEOGRÁFICO
Nombre geográfico Patagonia
ID autoridades 198
651 #4 - PUNTO DE ACCESO ADICIONAL DE MATERIA--NOMBRE GEOGRÁFICO
Nombre geográfico Argentina
ID autoridades 3645
Existencias
Estado de retiro Estado de pérdida Estado de conservación Biblioteca actual Ubicación en estantería Signatura topográfica completa Código de barras Tipo de ítem Koha
      Biblioteca del Archivo General de la Nación AGN - Biblioteca AGN 13295 AGN-13295 Libro

Contacto

Dirección: Av. Leandro Alem 246, 3er piso (CABA).
Código postal: C1003AAP
Teléfono: 2206-0013
Correo electrónico: comunicacionagn@mininterior.gob.ar
Sitio Web: www.argentina.gob.ar/interior/archivo-general-de-la-nacion

AGN en las redes sociales

Facebook  /  Twitter  /  Instagram